[Event "GER-ch 74th"]
[Site "Saarbruecken"]
[Date "2002.11.22"]
[Round "1"]
[White "Bischoff, Klaus"]
[Black "Singer, Christoph"]
[Result "1-0"]
[WhiteElo "2554"]
[BlackElo "2341"]
[Annotator "Dautov,R"]
[PlyCount "53"]
[EventDate "2002.11.22"]
[EventType "swiss"]
[EventRounds "9"]
[EventCountry "GER"]
[SourceTitle "CBM 093"]
[Source "ChessBase"]
[SourceDate "2003.04.01"]
[SourceVersion "1"]
[SourceVersionDate "2003.04.01"]
[SourceQuality "1"]

1. d4 d5 2. c4 e6 3. Nc3 Be7 4. cxd5 exd5 5. Bf4 c6 6. e3 Bf5 7. Nge2 {
Bischoffs Lieblingszug. Klaus behandelt die entstehenden Stellungen auf seine
Art und Weise: mit f3(h3) und g4 wird nach Raum gegriffen, dann folgen nicht
selten das Fiancchetto Bg2 und die kurze Rochade.} Qb6 $6 (7... Nf6 8. f3 $5 ({
Die Hauptfortsetzung ist} 8. Ng3) 8... h5 9. Ng3 Bg6 10. Bd3 h4 11. Nge2 Bxd3
12. Qxd3 Nbd7 13. e4 dxe4 14. fxe4 Nc5 15. Qf3 Ne6 16. Be3 Qa5 17. O-O $14 {
Vaisser,A-Ubilava,E/Sochi 1984}) (7... Nd7 8. h3 Bg6 9. Bh2 Qb6 10. Qd2 Ngf6
11. f3 h6 12. g4 Bh7 13. Bg2 O-O 14. O-O Rfd8 15. Kh1 c5 16. Nf4 $14 Nf8 17.
dxc5 Qxc5 18. Rfd1 Bd6 19. Bg1 d4 20. Qxd4 $16 {Bischoff,K-Lutz,Ch/
Altenkirchen 1999}) 8. Qd2 Nf6 9. f3 O-O (9... Nbd7 10. g4 Be6 11. O-O-O ({Mit
} 11. Bg3 $5 $14 {konnte Weiß die Rochaderichtung des Gegners abwarten.}) (11.
Ng3 $5 h6 12. h4) 11... Qa5 12. Kb1 Nb6 13. Nc1 O-O 14. h4 Nc4 15. Qh2 Bb4 16.
Nb3 Qd8 17. Rc1 Re8 18. h5 Nd7 19. Bd3 a5 $13 {Bischoff,K-Hort,V/Germany 1992})
(9... Bg6 10. g4 $1) 10. g4 Be6 {Auch 11.Ng3 nebst 12.Bd3 sieht sehr
verlockend aus, aber Klaus bleibt seinem Entwicklungsplan treu.} 11. Bg2 (11.
Ng3 Re8 12. Bd3 Qd8 13. Qc2 Na6 14. a3 Kh8 15. g5 Nd7 16. h4 Nf8 17. Be5 c5 18.
O-O-O c4 19. Bf5 Nc7 20. Rdg1 $16 {Lopez Jimenez,A-Disconzi da Silva,R/Abierto
1994}) 11... Na6 $2 {Hier wird der Springer keine Anwendung finden. Besser war
11...Nbd7.} (11... c5 $2 12. Na4 $16) (11... Nbd7 $142 12. O-O Qd8 {/\Nb6}) 12.
O-O c5 13. Bg3 cxd4 14. Nxd4 Rac8 15. a3 Nb8 $2 {Schwarz hatte bereits
ernsthafte Probleme, der Textzug trägt wenig zu deren Lösung bei. Notwendig
war 15...h6, um die Drohung 16.g5 abzuwehren.} (15... Nc5 16. b4 Ncd7 17. g5
Nh5 18. f4 $16 {[%csl Rd5] ><d5}) (15... Rfd8 $4 16. Na4 $18) (15... h6 $142
16. h4 Nc5 17. b4 Ncd7 $14) 16. g5 $16 {Nun ist guter Rat teuer.} Nh5 $2 (16...
Nfd7 17. f4 $16) 17. Bxb8 $1 Rxb8 18. f4 Qd8 19. Qe2 g6 20. f5 $18 Bd7 21. f6
Bd6 22. Rad1 Bc6 23. Bf3 Nxf6 24. gxf6 Qxf6 25. Qg2 Qe5 26. Nc2 Bc5 27. Rfe1
1-0

[Event "Pamplona"]
[Site "Pamplona"]
[Date "2002.12.21"]
[Round "1"]
[White "Sokolov, Ivan"]
[Black "Kasimdzhanov, Rustam"]
[Result "1/2-1/2"]
[WhiteElo "2684"]
[BlackElo "2653"]
[Annotator "Dautov,R"]
[PlyCount "41"]
[EventDate "2002.12.21"]
[EventType "tourn"]
[EventRounds "6"]
[EventCountry "ESP"]
[EventCategory "16"]
[SourceTitle "CBM 093"]
[Source "ChessBase"]
[SourceDate "2003.04.01"]
[SourceVersion "1"]
[SourceVersionDate "2003.04.01"]
[SourceQuality "1"]

1. d4 d5 2. c4 e6 3. Nc3 Be7 4. cxd5 exd5 5. Bf4 c6 6. e3 Bd6 7. Bg3 Ne7 8. Nf3
(8. Bd3 Bf5 9. Be2 O-O 10. Qb3 Nc8 11. Nf3 Qe7 12. Ne5 Re8 13. O-O f6 14. Nd3
Bxg3 15. hxg3 Nd6 16. Nf4 Kh8 17. g4 Be6 18. Qc2 Nd7 19. Bd3 $14 {Sakaev,
K-Rustemov,A/Moscow 1998}) 8... Bf5 (8... O-O 9. Be2 Bg4 10. Qb3 Nc8 11. Bd3
Qe7 12. Qc2 f5 $2 13. Ne5 Bxe5 14. Bxe5 Qf7 15. h3 Bh5 16. g4 Bg6 17. Rg1 $16 {
Yakovich,Y-Fernandes,A/Santo Antonio 2000}) 9. Ne5 $6 {Dieser pseudoaktive Zug
ist hier fehl am Platz. Eine der wichtigsten strategischen Ideen dieser
Stellung für Weiß ist die folgende: ohne kurz zu rochieren den Gegner zum
Abtausch auf g3 zu zwingen und das Spiel auf dem Königsflügel anzufangen.
Dabei wird der schwarze Läufer f5 nicht selten von der Diagonale b1-h7
verdrängt, z.B. mittels Nf3-h4, und diese wird vom weißen Läufer übernommen.} (
{Konkret ließe sich diese Idee folgendermaßen umsetzen:} 9. Qb3 $1 Bxg3 (9...
Nc8 $2 10. Qxb7 Nb6 11. Ne5 O-O 12. Nxc6 Nxc6 13. Qxc6 $16) 10. hxg3 Qb6 11.
Nh4 $1 Qxb3 (11... Be6 12. Bd3 $14) 12. axb3 Bc2 13. b4 $14 {, und Weiß hat
Spiel auf beiden Flügeln.}) 9... O-O 10. Be2 Qc7 $1 {/\Nd7 Ein feiner Zug.
Schwarz will den weißen Springer mittels Nb8-d7 verdrängen oder abtauschen.
Dieses Ziel wird ohne Bauernschwächung f7-f6 erreicht.} (10... Nd7 $4 11. Nxf7
$18) (10... f6 11. Nf3 $1 $14) 11. Rc1 ({Hier kann Weiß mit 11.Qb3 bereits
nichts erreichen:} 11. Qb3 Nd7 12. Nxd7 Qxd7 $11 13. Bxd6 Qxd6 14. Qxb7 $2 (14.
O-O $11) 14... Rfb8 15. Qa6 Rxb2 16. O-O Qb4 $36 17. Rfc1 $2 Bc2 $1 $19) 11...
Nd7 12. Nd3 {Der Springer verläßt seinen stolzen Posten.} (12. Nxd7 Qxd7 13.
Qb3 Nc8 14. Na4 Be4 $11) (12. f4 $2 Nf6 $15 {><e4}) (12. Nf3 Bg4 $5) 12... Bxd3
$1 {Erneut eine gute strategische Entscheidung. Nach dem Abtausch des
Springers ist f7-f5 stark, denn Weiß ist nicht imstande, eine Figur auf e5
einzunisten.} 13. Bxd3 f5 $11 14. Qc2 Bxg3 (14... g6 $5 {/\Nf6}) 15. hxg3 g6
16. Qb3 Nf6 {Nun kann Weiß mit der offenen h-Linie nichts anfangen, während
die schwarzen Springer aktiv werden.} 17. Ne2 Nc8 18. Nf4 Qe7 19. Be2 Nd6 20.
Qa3 (20. Nd3 Nf7 (20... Rae8 21. Ne5 Nf7 22. f4 $11) 21. Nc5 Nd6 $11) 20...
Nfe8 ({Sinnvoller scheint} 20... Rfe8 $11) 21. Rc2 1/2-1/2

[Event "BCF-ch 89th"]
[Site "Torquay"]
[Date "2002.08.02"]
[Round "5"]
[White "Williams, Simon Kim"]
[Black "Barua, Dibyendu"]
[Result "0-1"]
[WhiteElo "2421"]
[BlackElo "2542"]
[Annotator "Dautov,R"]
[PlyCount "52"]
[EventDate "2002.07.29"]
[EventType "swiss"]
[EventRounds "11"]
[EventCountry "ENG"]
[SourceTitle "CBM 091"]
[Source "ChessBase"]
[SourceDate "2002.11.12"]
[SourceVersion "1"]
[SourceVersionDate "2002.11.12"]
[SourceQuality "1"]

1. d4 d5 2. c4 e6 3. Nc3 c6 4. e4 Bb4 5. e5 (5. Bd3 dxe4 6. Bxe4 Nf6 $11) (5.
a3 Bxc3+ 6. bxc3 dxe4 7. Qg4 Nf6 8. Qxg7 Rg8 9. Qh6 c5 $132) ({Am besten für
Weiß ist m.E.} 5. cxd5 $1 exd5 6. e5) 5... c5 6. a3 Ba5 {Dieser riskante Zug
lädt Weiß regelrecht zum folgenden Bauernopfer ein. Stattdessen kann Schwarz
mit dem Tausch auf c3 bequem ausgleichen.} (6... cxd4 $2 7. axb4 dxc3 8. Qg4
$36) (6... Bxc3+ 7. bxc3 Ne7 8. Nf3 (8. Qg4 Nf5 9. Bd3 O-O $13) 8... cxd4 $1 (
8... Nbc6 9. Be2 (9. dxc5 $142 $1) 9... cxd4 10. cxd4 b6 $1 11. O-O $6 Ba6 12.
cxd5 Bxe2 13. Qxe2 Qxd5 14. Rd1 O-O $15 {Baburin,A-Ivanov,S/Kstovo 1994}) 9.
cxd4 b6 10. Bg5 Nbc6 11. Rc1 h6 12. cxd5 Qxd5 13. Bc4 Qd7 14. Be3 Bb7 15. O-O
O-O $11 {Greenfeld,A-Ivanov,S/Beer_Sheva 1998}) 7. b4 $1 $146 {Ein
chancenreiches Bauernopfer, das für Französisch typisch ist. Der weiße
Springer dringt auf d6 ein, und Schwarz verliert sein Rochaderecht.} (7. Qg4
Ne7 8. Qxg7 Rg8 9. Qxh7 cxd4 10. b4 dxc3 11. bxa5 Qxa5 $15) (7. cxd5 $5 exd5 8.
Bb5+ Nc6 9. Nge2 c4 10. O-O Nge7 11. Bg5 O-O 12. b3 $14 {Tella,J-Dgebuadze,A/
Parnaiba 1995}) 7... cxb4 8. Nb5 dxc4 9. Bxc4 Nc6 10. Qg4 $2 {Dieser
Damenausfall gefällt mir nicht. Auch der weiße König muß bald auf Wanderschaft
gehen, außerdem verhilft Schwarz die exponierte Damenposition zum Gewinn
einiger wertvollen Tempi.} ({Vorzuziehen war} 10. Nd6+ Kf8 11. Nf3 $44 {
/\0-0 , mit mehr als ausreichender Kompensation für den Bauern.}) 10... Kf8 11.
Nf3 b3+ $2 {Auf diese Weise büßt Schwarz lediglich seinen Mehrbauern ein.
Besser war 11...a5 nebst 12...b5.} (11... a6 $1 12. Nd6 b5 13. Bb3 f5 (13...
bxa3+ 14. Kf1 b4 15. Ng5 Nh6 16. Qf4 $36) 14. Qf4 bxa3+ 15. Kf1 Nge7 $15) 12.
Ke2 (12. Bd2 $2 Bxd2+ 13. Nxd2 Nh6 14. Qe4 b2 15. Rb1 Nf5 $17) 12... f5 $1 13.
Qf4 Nge7 14. Nd6 (14. Bxb3 $2 Qb6 15. Bc4 Nd5 $15) 14... Bc3 15. Rb1 Na5 16.
Bxb3 Nxb3 17. Rxb3 Nd5 18. Qg3 ({Weiß hat das Material ausgeglichen und könnte
einen kleinen Endspielvorteil erreichen:} 18. Qg5 $1 Qxg5 (18... Qd7 19. Bd2
$14) (18... Qa5 $4 19. Qh5 g6 20. Qh6+ Kg8 21. Ne8 $18) 19. Bxg5 b6 20. Rc1
Ba6+ 21. Kd1 Ba5 22. Bd2 Bxd2 23. Kxd2 Ke7 $14) 18... Qa5 19. Rd1 Qa4 20. Qh4
Bd7 {[%mdl 8192]} 21. Bh6 $4 {Dieser taktische Patzer beendet die Partie.
Wahrscheinlich wollte Weiß Dauerschach bieten und übersah 22...Kg8.} ({Dagegen
führte} 21. Rxb7 Qc2+ 22. Bd2 Bxd2 23. Rxd2 Nc3+ {zum echten Dauerschach:} 24.
Ke3 Nd5+ $11) 21... Qxb3 22. Bxg7+ Kg8 $1 $19 (22... Kxg7 $2 23. Qg5+ Kf8 24.
Qh6+ $11) 23. Bf6 Qc2+ 24. Nd2 f4 25. N6e4 Bb5+ 26. Kf3 Qxd1# 0-1

[Event "RUS Cup final 6th"]
[Site "Nefteyugansk"]
[Date "2002.10.08"]
[Round "3"]
[White "Kornev, Alexei"]
[Black "Skatchkov, Pavel"]
[Result "1-0"]
[WhiteElo "2566"]
[BlackElo "2471"]
[Annotator "Dautov,R"]
[PlyCount "63"]
[EventDate "2002.10.06"]
[EventType "tourn"]
[EventRounds "11"]
[EventCountry "RUS"]
[EventCategory "11"]
[SourceTitle "CBM 092"]
[Source "ChessBase"]
[SourceDate "2003.02.06"]
[SourceVersion "1"]
[SourceVersionDate "2003.02.06"]
[SourceQuality "1"]

{[%mdl 32768]} 1. d4 d5 2. c4 e6 3. Nc3 c6 4. Nf3 dxc4 5. a4 Bb4 6. e3 b5 7.
Bd2 a5 8. axb5 Bxc3 9. Bxc3 cxb5 10. b3 Bb7 11. bxc4 b4 12. Bb2 Nf6 13. Bd3
Nbd7 14. O-O O-O 15. Re1 {Die weiße Aufstellung besticht mit ihrer Logik, aber
Schwarz ist auch nicht chancenlos.} Re8 {Schwer zu sagen, ob dies die beste
der schwarzen Möglichkeiten ist. Sie wird im jeden Fall am häufigsten gespielt.
} (15... Ne4 16. Qc2 f5 17. c5 Bc6 (17... Qc7 18. Bb5 Ndf6 19. Ne5 Bd5 20. f3
Nd6 21. Ba4 $16) 18. Bc4 Qe7 19. Bb3 Rfc8 20. Ra2 Nexc5 21. dxc5 Nxc5 22. Bc4
Be4 23. Qd2 Bxf3 24. gxf3 Ne4 25. fxe4 Rxc4 $13 {Avrukh,B-Moreno Tejera,E/
Andorra la Vella 2002}) (15... Be4 16. Bxe4 Nxe4 17. Qc2 f5 18. c5 Qc7 19. Rec1
Qc6 20. Qa4 Rfc8 21. Qxc6 Rxc6 22. Ne1 Nb8 23. Nd3 Rca6 $11 {Sakaev,K-Kharlov,
A/Tomsk 2001}) (15... Qc7 16. e4 e5 17. c5 exd4 18. Rc1 $36) 16. e4 $5 {
Dieser natürliche Zug sollte zu einer unklaren Stellung führen. Meistens gibt
Weiß 16.c5 den Vorzug.} (16. c5 Bc6 $14) 16... e5 17. c5 Qc7 $2 {Die Stellung
ist so scharf, daß ein einziger Fehler bereits zum Verlust führen kann. Zum
Textzug gibt es einige Partien, und fast alle endeten sie mit einer baldigen
Niederlage von Schwarz.} ({Richtig ist} 17... exd4 $1 18. Rc1 Bxe4 $1 19. c6
Nb6 (19... Bxf3 $6 20. Qxf3 Rxe1+ 21. Rxe1 Nb6 22. c7 $1 Qxc7 23. Bxd4 $18 {
Krivoshey,S-Bogdanovich,G/Leutersdorf 1998}) 20. Bxe4 Nxe4 (20... Rxe4 21. Rxe4
Nxe4 22. c7 $44) 21. c7 Qd7 22. Bxd4 $44 {mit einer unklaren Lage.}) 18. Rc1
$18 {Die Drohung 19.c6 läßt sich nicht vernünftig abwehren.} Ba6 (18... exd4
19. c6 Bxc6 20. Nxd4 Ne5 21. Bb5 Red8 22. Qc2 $18) (18... a4 19. c6 Bxc6 20. d5
$18) 19. c6 Nf8 20. Bxa6 Rxa6 21. Nxe5 ({Oder} 21. d5 Qd6 22. Bxe5 Rxe5 23.
Nxe5 Qxe5 24. c7 $18) 21... a4 22. d5 Rd8 23. Qd3 a3 24. d6 Rxd6 25. Qxa6 axb2
26. Rb1 Re6 27. f4 Rxe5 28. fxe5 Qxe5 29. Qe2 Qc5+ 30. Kh1 Ne6 31. Rxb2 Qxc6
32. Rxb4 1-0

[Event "Moscow Aeroflot op-A"]
[Site "Moscow"]
[Date "2006.02.13"]
[Round "6"]
[White "Tomashevsky, Evgeny"]
[Black "Aleksandrov, Aleksej"]
[Result "1-0"]
[WhiteElo "2586"]
[BlackElo "2653"]
[Annotator "Dautov,R"]
[PlyCount "77"]
[EventDate "2006.02.08"]
[EventType "swiss"]
[EventRounds "9"]
[EventCountry "RUS"]
[SourceTitle "CBM 112"]
[Source "ChessBase"]
[SourceDate "2006.06.07"]
[SourceVersion "1"]
[SourceVersionDate "2006.06.07"]
[SourceQuality "1"]

1. c4 e6 2. Nc3 d5 3. d4 Bb4 4. a3 Bxc3+ 5. bxc3 c5 6. e3 Qc7 {Ein relativ
seltener Zug, Schwarz möchte ein Tempo gewinnen. Meistens spielt er 6...Nf6
oder 6...Ne7.} 7. cxd5 {In Frage kommt der Vorschlag von Fritz 7.Qg4!?} (7. Qg4
$5) 7... exd5 8. Ra2 {Dieser Zug macht mehr Sinn als 8.a4.} (8. a4 Nf6 9. Bb5+
Bd7 10. Ne2 O-O 11. O-O Bxb5 12. axb5 Nbd7 13. Ba3 Rfe8 14. dxc5 Nxc5 15. Nf4
Nce4 $11 {Maric,A (2455)-Matveeva,S (2475)/Ulcinj 1997}) 8... Nf6 9. Bd3 (9. f3
O-O 10. Bd3 b6 11. Ne2 Ba6 12. Bxa6 Nxa6 13. O-O cxd4 14. cxd4 Rac8 15. Ng3 Qd7
16. Re2 Nc7 17. Bb2 Nfe8 18. e4 Nd6 19. e5 Nc4 20. f4 f5 21. exf6 Rxf6 $13 {
Ovod,E (2290)-Matveeva,S (2405)/Moscow 1999}) 9... O-O 10. Ne2 b6 11. O-O Re8
12. f3 Ba6 13. Bxa6 Nxa6 14. Qd3 Qb7 15. g4 $5 {Eine typische Idee. Anstatt
mit Ng3 und Re2 den Vorstoß e3-e4 vorzubereiten, greift Weiß nach Raum auf dem
Königsflügel und legt den Grundstein für seinen zukünftigen Königsangriff.} (
15. Ng3 {/\Re2,e4}) 15... Rad8 16. Ng3 Nc7 17. Rg2 Qc6 {Aleksandrov plant das
Gegenspiel mittels Nb5. Erwägenswert war der Damentausch 17...Qa6, denn im
Endspiel hätte Schwarz wenig zu befürchten.} (17... Qa6 $5 18. Qxa6 (18. Qd1
Qc4 $132) 18... Nxa6 19. g5 Nd7 20. e4 Nc7 $11) 18. h4 Nd7 19. Nf5 Nb5 20. e4
$5 {Plötzlich ändert Tomashevsky die Spielrichtung und bricht im Zentrum durch.
} (20. g5) 20... dxe4 21. fxe4 cxd4 22. cxd4 Nd6 $2 {Der kritische Moment in
der Partie. Ein plötzlicher Szenenwechsel hat Schwarz auf dem falschen Fuß
erwischt und Aleksandrov traut sich nicht, prinzipiell zu spielen.} ({Richtig
war} 22... Rxe4 $1 23. Qf3 (23. d5 Qc5+ $1 24. Be3 Qc4 $17) 23... Rde8 (23...
Qe6 $2 24. d5 Qe8 25. Bb2 f6 26. g5 $18) 24. Ng3 Nf6 25. Nxe4 (25. g5 $2 Nxd4
26. Qf2 Ne2+ $17) 25... Rxe4 26. Bb2 Qe6 $11 {, und nach dem Qualitätsopfer
hat Schwarz gute Gegenchancen.}) 23. e5 $16 {Weiß hat sein Bauernduo behalten,
und sein Angriff entwickelt sich von alleine.} Nc4 24. Qg3 {Noch besser war 24.
Bg5!} (24. Bg5 $1 Ndxe5 25. Qg3 f6 26. Nxg7 $1 fxg5 27. Nxe8 Rxe8 28. dxe5 $16)
24... Nf8 25. g5 Ne6 26. Qf2 $1 (26. h5 Qe4 $1 (26... Nxd4 $2 27. Nh6+ $1 $18)
27. g6 fxg6 28. hxg6 h6 $13) 26... Rd7 {[%mdl 128] Erlaubt einen direkten
Überfall auf den eigenen König, aber Schwarz hatte sowieso keine bessere Wahl.}
27. Nh6+ $3 gxh6 28. gxh6+ Kf8 29. Qf6 $18 {Schwarz ist hilflos.} Qe4 (29...
Rc8 30. Qh8+ Ke7 31. Rxf7+ Kxf7 32. Qf6+ Ke8 33. Rg8+) 30. Qh8+ Ke7 31. Qf6+
Kf8 32. Qh8+ Ke7 33. Bg5+ $1 Nxg5 34. Qf6+ Kf8 35. Rxg5 {Angesichts der
Drohung Rg8+ muß Schwarz seine Dame geben.} Qxd4+ 36. Rf2 Qa1+ 37. Kh2 Qxe5+
38. Rxe5 Rxe5 39. Qg7+ 1-0

[Event "RUS-ch"]
[Site "Krasnodar"]
[Date "2002.08.29"]
[Round "3"]
[White "Ovetchkin, Roman"]
[Black "Maiorov, Oleg Ivanovich"]
[Result "0-1"]
[WhiteElo "2557"]
[BlackElo "2458"]
[Annotator "Dautov,R"]
[PlyCount "72"]
[EventDate "2002.08.27"]
[EventType "swiss"]
[EventRounds "9"]
[EventCountry "RUS"]
[SourceTitle "CBM 091"]
[Source "ChessBase"]
[SourceDate "2002.11.12"]
[SourceVersion "1"]
[SourceVersionDate "2002.11.12"]
[SourceQuality "1"]

1. Nf3 d5 2. c4 c6 3. d4 e6 4. Nc3 dxc4 5. e3 b5 6. a4 Bb4 7. Nd2 $2 {Ein
zweifelhafter Versuch, die Hauptvariante 7.Bd2 a5 8.axb5 Bxc3 9.Bxc3 cxb5 usw.
zu umgehen.} Qb6 8. Qg4 Kf8 $1 $17 (8... g6 $2 9. Qe4 $1 (9. axb5 cxb5 10. Qe4
Nc6 11. Nd5 Qb8 $17) 9... Nf6 (9... Bb7 $2 10. Qe5 $16) 10. Qf3 Nd5 11. axb5
cxb5 12. Nxd5 exd5 13. Qxd5 Nc6 14. Be2 $13) 9. axb5 $2 ({Im jeden Fall ist es
besser, die Diagonale h1-a8 geschlossen zu halten.} 9. g3 Nf6 10. Qf3 Bb7 11.
Bg2 a6 12. O-O Nbd7 13. axb5 axb5 14. Rxa8+ Bxa8 15. Nde4 Ke7 $17 {Beliavsky,
A-Kharlov,A/USSR 1991}) 9... cxb5 10. Nd5 {Führt mehr oder weniger forciert zu
einer hoffnungslosen Stellung, aber guter Rat war bereits teuer.} (10. Nde4 Bb7
$17) 10... exd5 11. Qxc8+ Ke7 12. g3 (12. Be2 Qc6 13. Qg4 Nf6 14. Qxg7 Rg8 15.
Qh6 Rxg2 $17) 12... Qc6 13. Bh3 a5 14. Qg4 Nf6 15. Qe2 {Schweren Herzens
gespielt, aber der Bauer g7 bekommt dem Weißen nicht.} (15. Qxg7 $2 Rg8 16. Qh6
c3 17. bxc3 Qxc3 18. Rb1 Qd3 $1 19. Rb2 Ra6 $19 {Borovikov,V-Moroz,A/Marganets
1999}) 15... Re8 16. O-O Kf8 $19 {Der Rest der Partie bedarf keiner Kommentare.
} 17. Nf3 Nbd7 18. Qc2 a4 19. Nh4 Kg8 20. f3 Bf8 21. g4 h6 22. Nf5 b4 23. Bg2
b3 24. Qf2 a3 25. e4 axb2 26. Bxb2 Rxa1 27. Bxa1 c3 28. e5 g6 29. Ne3 Ba3 30.
Nc2 bxc2 31. Qxc2 Bb4 32. exf6 Qc4 33. Bh1 Nxf6 34. Rc1 Re2 35. Qd1 c2 36. Qf1
Ba3 0-1

[Event "EU-ch 4th"]
[Site "Istanbul"]
[Date "2003.06.08"]
[Round "9"]
[White "Svetushkin, Dmitry"]
[Black "Krasenkow, Michal"]
[Result "1-0"]
[WhiteElo "2543"]
[BlackElo "2609"]
[Annotator "Dautov,R"]
[PlyCount "99"]
[EventDate "2003.05.30"]
[EventType "swiss"]
[EventRounds "13"]
[EventCountry "TUR"]
[SourceTitle "CBM 096"]
[Source "ChessBase"]
[SourceDate "2003.09.25"]
[SourceVersion "1"]
[SourceVersionDate "2003.09.25"]
[SourceQuality "1"]

1. d4 d5 2. c4 e6 3. Nf3 c6 4. Nc3 dxc4 5. e3 b5 6. a4 Bb4 7. Bd2 a5 8. axb5
Bxc3 9. Bxc3 cxb5 10. b3 Bb7 11. bxc4 b4 12. Bb2 Nf6 13. Bd3 O-O 14. O-O Nbd7
15. Re1 Ne4 (15... Re8 16. c5 $14 (16. e4 e5 17. c5 exd4 $13)) 16. c5 Qc7 17.
Bb5 {Nachdem Schwarz den e3-Bauern blockiert hat, verfährt Weiß auf gleiche
Art mit dem gegnerischen Bauern a5.} (17. Qc2 f5 $13) 17... Bc6 18. Ba4 $146 (
18. Bxc6 Qxc6 19. Qa4 Qc7 20. Rec1 Ndf6 21. Qc2 Rfb8 22. Ne5 a4 23. f3 a3 24.
Bxa3 Rxa3 25. Rxa3 bxa3 26. fxe4 $16 {Burmakin,V-Sandipan,C/Moscow Aeroflot op
2003}) 18... Ra6 19. Qc2 Rfa8 20. Rec1 Bxa4 21. Qxa4 Ndf6 {Diese
Springeraktivierung liegt auf der Hand; das Ziel, das Feld c3, erscheint zu
verlockend. Andererseits kann auch der weiße Springer aktiv werden. Das nach
21...Qc6 entstehende Endspiel meidet Schwarz meistens in der Turnierpraxis,
möglicherweise zu Unrecht.} (21... Qc6 $5 22. Qxc6 Rxc6 23. Ra4 Kf8 $13) 22.
Ne5 Nd5 23. Qc2 Nec3 24. Re1 $1 {Schwarz hat auf den ersten Blick Fortschritte
gemacht, aber die kaltblütige weiße Antwort stellt dies in Frage. Es droht 25.
e4.} (24. e4 $2 b3 $1 25. Qxb3 Ne2+ 26. Kh1 Nxc1 27. Bxc1 $15) 24... f5 $2 {
Ebenfalls schlecht war 24...a4?, aber nach dem korrekten 24...Nb5! bliebe die
Stellung unklar. Der Textzug wehrt die Idee e3-e4 nur kurzfristig ab, schwächt
aber beträchtlich den Bauern e6 und die Stellung des schwarzen Königs.} (24...
a4 $2 25. e4 a3 26. exd5 axb2 27. Rxa6 Rxa6 28. d6 Ra1 29. Nf3 $16) (24... Nb5
$1 25. Qc4 Ndc3 26. e4 $13 (26. Nd3 $13)) 25. f3 a4 $2 {Verliert einen Bauern
ohne jegliche Kompensation. Notwendig war 25...Nb5.} (25... f4 $6 26. e4 Ne3
27. Qd3 $16) (25... Nb5 26. Qc4 Ndc3 27. e4 fxe4 28. fxe4 Qd8 $5 29. Bxc3 Nxc3
30. Re3 $14) 26. e4 fxe4 27. fxe4 Nf6 (27... a3 $2 28. exd5 axb2 29. Rxa6 Rxa6
30. d6 $18) 28. Bxc3 bxc3 29. Qxc3 $18 a3 30. Ra2 Ra4 31. Nc4 R8a6 32. Qd3 Nd7
33. e5 Qc6 34. Ne3 Ra8 35. Rea1 Rd8 36. Qc3 Nb6 37. Qb3 Nd5 38. Nxd5 Rxd5 39.
Qb8+ Kf7 40. Rf2+ Kg6 41. Qb1+ Kh6 42. Qc1+ Kg6 43. Qc2+ Kh6 44. Qd2+ Kg6 45.
Qd3+ Kh6 46. Qe3+ Kg6 47. Qe4+ Kh6 48. Qh4+ Kg6 49. Qg4+ Kh6 50. Rf3 1-0